UBT Library

Microeconomics : (Record no. 1361)

000 -LEADER
fixed length control field 00703nam a22002177a 4500
008 - FIXED-LENGTH DATA ELEMENTS--GENERAL INFORMATION
fixed length control field 151117b xxu||||| |||| 00| 0 eng d
020 ## - INTERNATIONAL STANDARD BOOK NUMBER
International Standard Book Number 9780073336954 (value edition)
020 ## - INTERNATIONAL STANDARD BOOK NUMBER
International Standard Book Number 0073336955 (value edition)
020 ## - INTERNATIONAL STANDARD BOOK NUMBER
International Standard Book Number 9780073273099 (alk. paper)
020 ## - INTERNATIONAL STANDARD BOOK NUMBER
International Standard Book Number 0073273090 (alk. paper)
041 0# - LANGUAGE CODE
Language code of text/sound track or separate title eng
080 ## - UNIVERSAL DECIMAL CLASSIFICATION NUMBER
Universal Decimal Classification number 330.101.542
100 1# - Rafti
Rafti McConnell, Campbell R.
245 10 - TITLE STATEMENT
Title Microeconomics :
Statement of responsibility, etc Campbell R. McConnell, Stanley L. Brue.
250 ## -
-- 17th ed.
260 ## -
-- Boston :
-- McGraw-Hill/Irwin,
-- c2008.
300 ## -
-- 1 v. (various pagings) :
-- me ill. ;
-- 26 cm.
650 #0 -
-- Mikroekonomia
700 1# -
-- Brue, Stanley L.,
942 ## - ADDED ENTRY ELEMENTS (KOHA)
Source of classification or shelving scheme
Item type Books
Holdings
Withdrawn status Lost status Source of classification or shelving scheme Damaged status Not for loan Collection code Permanent location Current location Shelving location Date acquired Total Checkouts Full call number Barcode Date last seen Koha item type
          Koleksioni i përgjithshem UBT - Lipjan UBT - Lipjan Koleksioni i përgjithshem 11/17/2015   330.101.542 MCC 002-008670 11/17/2015 Books
UBT Library © 2015-2024. All rights reserved University Education for Business and Technology